000 00266nam a2200109Ia 4500
001 588741
005 20250717120837.0
008 250717s9999 xx 000 0 und d
245 0 _aZ-1 KARACAOĞLAN
_cDUHTER BAYRAKTAR
260 _bERDEM YAYINLARI
_c2018
300 _b90
999 _c588741
_d588741